Statystyki dla 100 Największych miast Europy nad morzem

Kliknij tutaj aby rozwiązać quiz!

Ogólne statystyki

  • Ten quiz został rozwiązany 501 razy
    (454 od ostatniego zresetowania)
  • Średni wynik to 37 z 100

Statystyki odpowiedzi

lp.LudnośćMiasto% Poprawnych
24464 829Gdańsk
97%
52246 309Gdynia
88%
31 620 809Barcelona
86%
114 657 434Stambuł
86%
15613 288Kopenhaga
85%
41 372 565Sztokholm
84%
12664 046Ateny
83%
13645 482Helsinki
82%
22506 892Lizbona
82%
7925 242Oslo
81%
25 323 300Petersburg
79%
8861 635Marsylia
77%
28440 702Tallinn
76%
56237 584Porto
75%
14641 423Ryga
75%
9859 732Amsterdam
74%
19554 554Dublin
73%
6962 495Neapol
73%
11666 214Palermo
70%
51 014 255Odessa
69%
48261 362Wenecja
67%
10787 808Walencja
66%
23491 500Liverpool
63%
38315 196Saloniki
63%
41301 706Malmo
59%
17578 710Genua
58%
20534 158Haga
56%
34342 637Nicea
56%
79178 192Split
55%
21513 210Edynburg
54%
84172 272Kłajpeda
52%
16590 580Goteborg
51%
18569 002Malaga
50%
32348 058Warna
50%
36321 018Bari
46%
47268 200Bergen
46%
30418 987Sewastopol
46%
35340 200Belfast
42%
31362 756Cardiff
42%
27453 461Kaliningrad
42%
66201 096Rostock
40%
39312 129Katania
36%
33343 334Soczi
36%
65208 614Triest
36%
68198 219Trondheim
34%
51249 190Kilonia
33%
73191 331Turku
32%
46269 022Aarhus
30%
99140 547Brest
30%
37329 988Alicante
28%
88157 780Cagliari
28%
42293 725Vigo
28%
26458 533Mariupol
27%
54243 795Plymouth
26%
25459 300Bristol
24%
67200 271Burgas
24%
43283 872Konstanca
24%
63210 892Lubeka
24%
81176 683Odense
24%
90156 000Brighton
23%
82175 110Durres
22%
77183 536San Sebastian
21%
53244 850A Coruna
20%
70196 530Oulu
20%
29434 516Palma de Mallorca
20%
44281 886Espoo
19%
78179 783Hawr
19%
97140 730Heraklion
19%
85168 302Zadar
19%
55243 262Mesyna
18%
57228 800Aberdeen
17%
64201 353Stavanger
17%
95144 545Rimini
16%
60228 173Tampere
16%
45270 211Gijon
15%
89157 052Livorno
15%
75187 056Portsmouth
15%
72193 300Bournemouth
14%
49260 308Patras
14%
92149 245Uppsala
14%
91150 573Kercz
12%
69198 011Tarent
12%
98140 580Salerno
11%
100139 195Blackpool
10%
80177 739Sunderland
10%
74190 127Reggio di Calabria
9%
71194 203Almeria
8%
62211 206Vantaa
8%
58228 243Noworosyjsk
7%
93145 115Huelva
5%
96141 305Jyväskylä
5%
61211 286Kartagena
5%
86167 400Tulon
5%
40302 296Vila Nova de Gaia
5%
59215 848Badalona
4%
50253 587Taganrog
4%
94144 651Larisa
2%
87160 257Southend-on-Sea
2%
83174 030Almada
0%
76183 996Siewierodwińsk
0%

Rozkład punktacji

Percentyl według liczby udzielonych odpowiedzi

Procent ludzi z każdym wynikiem

Twoja historia wyników

Nie rozwiązałeś tego quizu od ostatniego zresetowania